| 000 | 00593nam a22001697a 4500 | ||
|---|---|---|---|
| 005 | 20250324121134.0 | ||
| 008 | 250324b |||||||| |||| 00| 0 eng d | ||
| 020 | _a9798886131185 | ||
| 041 | _aEng | ||
| 082 | _a658.4092 VER | ||
| 100 | _aVerhezen, Peter | ||
| 245 | _aMaking Wise Decisions in A Smart World: Responsible Leadership In An Era Of Artificial Intelligence | ||
| 260 |
_aNew Jersey _bWorld Scientific _c2023 |
||
| 300 | _a379;. P. 23 cm | ||
| 650 | _aLeadership; Artificial Intelligence; Industrial Management; Decision Making; Social Responsibility of Business | ||
| 942 | _cBK | ||
| 999 |
_c43355 _d43355 |
||